[Event "Landesklasse West 2015/2016"]
[Site "?"]
[Date "2015.10.25"]
[Round "2"]
[White "Ribitzki, Mathias"]
[Black "Jörges, Frank"]
[Result "1/2-1/2"]
[WhiteElo "1761"]
[BlackElo "1843"]
[PlyCount "63"]
[EventDate "2015.??.??"]
[WhiteTeam "SG Trusetal 92"]
[BlackTeam "ESV Lok Meiningen"]

1. Nf3 d5 2. d4 Nf6 3. e3 e6 4. Be2 Bd6 5. Nbd2 O-O 6. O-O b6 7. b3 Nbd7 8. Bb2
Bb7 9. Rc1 c5 10. c4 cxd4 11. exd4 dxc4 12. bxc4 Rc8 13. Qb3 Rc7 14. Ba3 Bxa3
15. Qxa3 Qa8 16. Rfd1 Rfc8 17. Bf1 Ne4 18. Nxe4 Bxe4 19. Nd2 Bb7 20. Rb1 Nf6
21. Qe3 Ne4 22. Nb3 Ba6 23. f3 Nf6 24. c5 Bxf1 25. Kxf1 bxc5 26. Nxc5 Qd5 27.
Rd2 Nd7 28. Nxd7 Rxd7 29. Rbd1 Rdc7 30. Qe4 Qc4+ 31. Qd3 Qa4 32. d5 1/2-1/2

[Event "Landesklasse West 2015/2016"]
[Site "?"]
[Date "2015.10.25"]
[Round "2"]
[White "Lehmann, Peter"]
[Black "Willner, Holger"]
[Result "0-1"]
[WhiteElo "1888"]
[BlackElo "1779"]
[PlyCount "74"]
[EventDate "2015.??.??"]
[WhiteTeam "ESV Lok Meiningen"]
[BlackTeam "SG Trusetal 92"]

1. d4 d5 2. Nf3 Nf6 3. e3 e6 4. Bd3 c5 5. c3 Nc6 6. Nbd2 Be7 7. Qe2 O-O 8. O-O
cxd4 9. exd4 Bd7 10. Ne5 Ne8 11. Qh5 g6 12. Qh3 Nxe5 13. dxe5 f6 14. Nf3 Ng7
15. Qh6 Rf7 16. g4 Qf8 17. h4 f5 18. h5 fxg4 19. hxg6 hxg6 20. Qxg6 Rf5 21. Nd4
Be8 22. Qxg4 Rxe5 23. f4 Rh5 24. Nxe6 Qf6 25. Nc7 Qb6+ 26. Kg2 Qxc7 27. Be3 Bd7
28. Qg3 Bh3+ 29. Kf3 Bxf1 30. Rxf1 Qd7 31. Ke2 Bf6 32. Bg6 Rh3 33. Qg2 Qb5+ 34.
Bd3 Rxe3+ 35. Kxe3 Re8+ 36. Kd2 Qxb2+ 37. Kd1 Qxg2 0-1

[Event "Landesklasse West 2015/2016"]
[Site "?"]
[Date "2015.10.25"]
[Round "2"]
[White "Schley, Thomas"]
[Black "Grube, Jan"]
[Result "0-1"]
[WhiteElo "1736"]
[BlackElo "1807"]
[PlyCount "142"]
[EventDate "2015.??.??"]
[WhiteTeam "SG Trusetal 92"]
[BlackTeam "ESV Lok Meiningen"]

1. d4 d5 2. Nf3 Nf6 3. g3 Bg4 4. Bg2 e6 5. O-O Be7 6. Re1 O-O 7. Nbd2 Nc6 8. c3
a5 9. Qb3 Qc8 10. e4 dxe4 11. Nxe4 a4 12. Qc2 Bf5 13. Nxf6+ Bxf6 14. Qe2 Ne7
15. Bf4 c6 16. Be5 Bxe5 17. Nxe5 Qc7 18. a3 Rad8 19. Rad1 Qb6 20. Nc4 Qb3 21.
Ne3 Bg6 22. Rd2 Nd5 23. Qd1 Qxd1 24. Rexd1 Nxe3 25. fxe3 Ra8 26. e4 f6 27. d5
e5 28. Kf2 c5 29. Ke3 Rfd8 30. Bh3 Rd6 31. Bf1 Kf8 32. c4 Ke7 33. Rc1 h6 34.
Rc3 b6 35. b4 axb3 36. Rxb3 Be8 37. Rdb2 Ra6 38. Bh3 Bd7 39. Bxd7 Kxd7 40. Kf3
Kc7 41. Kg4 Ra4 42. Rc3 Kd8 43. Kf5 Ke7 44. Kg6 Kf8 45. h4 Ra7 46. Rcb3 Ra6 47.
h5 Rd8 48. g4 Rd6 49. a4 Rxa4 50. Rxb6 Ke7 51. Rxd6 Kxd6 52. Rc2 Ra7 53. Rb2
Ra4 54. Rb6+ Kd7 55. Rb7+ Kd6 56. Rxg7 Rxc4 57. Kf5 Rc1 58. Rf7 Rf1+ 59. Kg6 c4
60. Rxf6+ Rxf6+ 61. Kxf6 c3 62. g5 c2 63. g6 c1=Q 64. g7 Qf4+ 65. Kg6 Qxe4+ 66.
Kxh6 Qf4+ 67. Kh7 Qf5+ 68. Kh8 Qxh5+ 69. Kg8 Qg6 70. Kf8 Qxg7+ 71. Kxg7 e4 0-1

[Event "Landesklasse West 2015/2016"]
[Site "?"]
[Date "2015.10.25"]
[Round "2"]
[White "Holland-Cunz, Dietrich"]
[Black "Hepp, Ingolf"]
[Result "1-0"]
[WhiteElo "1788"]
[BlackElo "1448"]
[PlyCount "53"]
[EventDate "2015.??.??"]
[WhiteTeam "ESV Lok Meiningen"]
[BlackTeam "SG Trusetal 92"]

1. d4 b6 2. c4 Bb7 3. Nf3 g6 4. g3 Bg7 5. Bg2 e6 6. Nc3 Ne7 7. O-O O-O 8. Bf4
d6 9. Rc1 Nd7 10. Re1 Re8 11. e4 f5 12. e5 d5 13. Ng5 Nf8 14. cxd5 h6 15. Nxe6
Nxe6 16. dxe6 Bxg2 17. Kxg2 g5 18. Be3 Nd5 19. Qf3 Nxe3+ 20. fxe3 f4 21. Nd5 g4
22. Qe4 f3+ 23. Kf2 Rc8 24. e7 Qd7 25. Nf6+ Bxf6 26. exf6 Qb5 27. Qg6+ 1-0

[Event "Landesklasse West 2015/2016"]
[Site "?"]
[Date "2015.10.25"]
[Round "2"]
[White "Voigt, Uwe"]
[Black "Latka, Vera"]
[Result "1/2-1/2"]
[WhiteElo "1538"]
[BlackElo "1754"]
[PlyCount "109"]
[EventDate "2015.??.??"]
[WhiteTeam "SG Trusetal 92"]
[BlackTeam "ESV Lok Meiningen"]

1. b4 e6 2. Bb2 d5 3. e3 Nf6 4. a3 c5 5. b5 c4 6. Nf3 Nbd7 7. Be2 b6 8. d3 cxd3
9. Bxd3 Bb7 10. O-O Rc8 11. Ne5 Nxe5 12. Bxe5 Bd6 13. Bxd6 Qxd6 14. Nd2 O-O 15.
a4 Rc3 16. Nb1 Rc7 17. f3 Qe5 18. Ra3 Qxe3+ 19. Kh1 Qf4 20. a5 bxa5 21. Rxa5
Bc8 22. Qd2 Qd6 23. Rc1 Nd7 24. Ra4 Ne5 25. c4 Nxd3 26. Qxd3 Qf4 27. Nd2 Bd7
28. g3 Qf5 29. Qa3 dxc4 30. Rxa7 Rxa7 31. Qxa7 Bxb5 32. Qb7 Qd5 33. Qxd5 exd5
34. Kg2 Ra8 35. Kf2 Kf8 36. Rb1 Bd7 37. f4 Ra2 38. Ke1 c3 39. Nf3 Bg4 40. Ne5
Bf5 41. Rb8+ Ke7 42. Rb7+ Ke6 43. Rb6+ Ke7 44. Rb7+ Kd6 45. Nxf7+ Kc6 46. Nd8+
Kc5 47. Rc7+ Kd4 48. Nc6+ Ke3 49. Re7+ Kf3 50. Nd4+ Kg4 51. h3+ Kxg3 52. Nxf5+
Kxf4 53. Nd4 Ra1+ 54. Ke2 Ra2+ 55. Ke1 1/2-1/2

[Event "Landesklasse West 2015/2016"]
[Site "?"]
[Date "2015.10.25"]
[Round "2"]
[White "Rosenberg, Erik"]
[Black "Zentgraf, Torsten"]
[Result "1-0"]
[WhiteElo "1647"]
[BlackElo "1651"]
[PlyCount "61"]
[EventDate "2015.??.??"]
[WhiteTeam "ESV Lok Meiningen"]
[BlackTeam "SG Trusetal 92"]

1. d4 d5 2. c4 c6 3. cxd5 cxd5 4. Nc3 e6 5. Nf3 Nc6 6. Bf4 Bd6 7. Bxd6 Qxd6 8.
e3 Nf6 9. a3 a6 10. Bd3 O-O 11. O-O b5 12. b4 Bd7 13. Rc1 Rfc8 14. Ne2 Rc7 15.
Rc5 Rac8 16. Qc2 g6 17. Rc1 Ne8 18. Nf4 Ne7 19. h4 Rxc5 20. bxc5 Qc7 21. h5 Kg7
22. hxg6 hxg6 23. g3 f5 24. Kg2 Kf6 25. Rh1 Ng7 26. Rh6 Be8 27. Ne5 Ng8 28. Rh7
Bf7 29. Qd1 Ne7 30. Nxf7 Kxf7 31. Rxg7+ 1-0

[Event "Landesklasse West 2015/2016"]
[Site "?"]
[Date "2015.10.25"]
[Round "2"]
[White "Petiko, Nikolai"]
[Black "Essegern, Uwe"]
[Result "1/2-1/2"]
[WhiteElo "1961"]
[BlackElo "1850"]
[PlyCount "49"]
[EventDate "2015.??.??"]
[WhiteTeam "SV Breitenworbis"]
[BlackTeam "Randspringer Bad Salzungen"]

1. e4 c5 2. Nf3 Nc6 3. d4 cxd4 4. Nxd4 e5 5. Nb5 d6 6. N1c3 a6 7. Na3 Be7 8.
Nd5 Nf6 9. Be3 Nxd5 10. exd5 Nb8 11. Nc4 Nd7 12. a4 O-O 13. Be2 f5 14. f4 exf4
15. Bxf4 Nb6 16. Be3 Nxc4 17. Bxc4 Bh4+ 18. g3 Re8 19. Kf2 Bg5 20. Bxg5 Qxg5
21. Re1 Bd7 22. a5 f4 23. Ra3 fxg3+ 24. hxg3 Rf8+ 25. Kg1 1/2-1/2

[Event "Landesklasse West 2015/2016"]
[Site "?"]
[Date "2015.10.25"]
[Round "2"]
[White "Schulz, Tilo"]
[Black "Gast, Rainer"]
[Result "1/2-1/2"]
[WhiteElo "1870"]
[BlackElo "1839"]
[PlyCount "37"]
[EventDate "2015.??.??"]
[WhiteTeam "Randspringer Bad Salzungen"]
[BlackTeam "SV Breitenworbis"]

1. d4 Nf6 2. c4 e6 3. Nc3 d5 4. Bg5 Be7 5. e3 O-O 6. Nf3 h6 7. Bh4 b6 8. cxd5
Nxd5 9. Bxe7 Qxe7 10. Nxd5 exd5 11. Be2 Be6 12. O-O c5 13. Rc1 a5 14. Ne5 Rc8
15. Bf3 Nd7 16. Nxd7 Qxd7 17. b3 a4 18. e4 axb3 19. axb3 1/2-1/2

[Event "Landesklasse West 2015/2016"]
[Site "?"]
[Date "2015.10.25"]
[Round "2"]
[White "Bötticher, Heinz-Wilfried"]
[Black "Feldmann, Bernd"]
[Result "0-1"]
[WhiteElo "1819"]
[BlackElo "1869"]
[PlyCount "64"]
[EventDate "2015.??.??"]
[WhiteTeam "SV Breitenworbis"]
[BlackTeam "Randspringer Bad Salzungen"]

1. d4 e6 2. c4 d5 3. Nc3 f5 4. Nf3 Nf6 5. Bg5 Be7 6. e3 O-O 7. Bd3 c6 8. Qc2
Ne4 9. Bxe7 Qxe7 10. O-O-O Nd7 11. Ne5 Nxe5 12. dxe5 Qc5 13. Na4 Qa5 14. f4 b5
15. cxb5 cxb5 16. Qc6 bxa4 17. Qxa8 Qc5+ 18. Kb1 Ba6 19. Qxf8+ Kxf8 20. Bxa6
Qb6 21. Bd3 Nc3+ 22. Kc2 Nxa2 23. Rd2 Qb3+ 24. Kb1 a3 25. Ka1 Nb4 26. Bb1 a2
27. Bxf5 exf5 28. Rc1 Qxe3 29. Rc8+ Ke7 30. Rd1 Qxf4 31. Rc7+ Ke6 32. Rxa7 Qc4
0-1

[Event "Landesklasse West 2015/2016"]
[Site "?"]
[Date "2015.10.25"]
[Round "2"]
[White "Roth, Ralf"]
[Black "Hellrung, Bernhard"]
[Result "1-0"]
[WhiteElo "1772"]
[BlackElo "1839"]
[PlyCount "71"]
[EventDate "2015.??.??"]
[WhiteTeam "Randspringer Bad Salzungen"]
[BlackTeam "SV Breitenworbis"]

1. d4 Nf6 2. Nf3 g6 3. c4 Bg7 4. Nc3 d6 5. e4 c6 6. Be2 O-O 7. h3 Qc7 8. O-O e5
9. Be3 Nbd7 10. d5 Nc5 11. Nd2 a5 12. f3 Nh5 13. Nb3 Nxb3 14. Qxb3 c5 15. Kh2
Nf4 16. Rf2 Qe7 17. Bf1 f5 18. Re1 Nh5 19. exf5 gxf5 20. g4 fxg4 21. fxg4 Rxf2+
22. Bxf2 Qf6 23. Ne4 Qf4+ 24. Kg1 Bxg4 25. hxg4 Qxg4+ 26. Bg2 Rf8 27. Qh3 Qxh3
28. Bxh3 Nf4 29. Bf1 Rd8 30. Re3 h5 31. Bh4 Rd7 32. Rg3 Kh7 33. Ng5+ Kh8 34.
Ne6 Bh6 35. Bf6+ Kh7 36. Nxf4 1-0

[Event "Landesklasse West 2015/2016"]
[Site "?"]
[Date "2015.10.25"]
[Round "2"]
[White "Petiko, Jakob"]
[Black "Kunze, Heinz"]
[Result "1-0"]
[WhiteElo "1920"]
[BlackElo "1661"]
[PlyCount "69"]
[EventDate "2015.??.??"]
[WhiteTeam "SV Breitenworbis"]
[BlackTeam "Randspringer Bad Salzungen"]

1. e4 c5 2. Nc3 e6 3. g3 Nc6 4. Bg2 Nf6 5. Nge2 Be7 6. d4 cxd4 7. Nxd4 Nxd4 8.
Qxd4 d6 9. O-O a6 10. f4 Qc7 11. h3 d5 12. Be3 dxe4 13. Nxe4 O-O 14. c3 Nd5 15.
Bf2 b5 16. Qd3 Bb7 17. Rac1 Rac8 18. Bd4 f6 19. Qe2 e5 20. fxe5 fxe5 21. Bf2
Nf6 22. Nxf6+ Bxf6 23. Bxb7 Qxb7 24. c4 bxc4 25. Rxc4 Rc6 26. Qe4 Rfc8 27. Qd5+
Kh8 28. b3 h6 29. Be3 R8c7 30. Bxh6 Qb6+ 31. Kh1 gxh6 32. Rxf6 Rxf6 33. Qd8+
Kg7 34. Rxc7+ Kg6 35. Qg8+ 1-0

[Event "Landesklasse West 2015/2016"]
[Site "?"]
[Date "2015.10.25"]
[Round "2"]
[White "Wiefel, Erik"]
[Black "Vergin, Marcel"]
[Result "1-0"]
[WhiteElo "1648"]
[BlackElo "1811"]
[PlyCount "81"]
[EventDate "2015.??.??"]
[WhiteTeam "Randspringer Bad Salzungen"]
[BlackTeam "SV Breitenworbis"]

1. e4 c5 2. Nf3 a6 3. c4 d6 4. d4 Bg4 5. d5 g6 6. Bd3 Bg7 7. O-O Nd7 8. Nbd2
Ngf6 9. h3 Bxf3 10. Nxf3 O-O 11. Qc2 Rb8 12. a4 Ne8 13. Rb1 a5 14. Bd2 b6 15.
Bc3 f6 16. Nh4 Nc7 17. f4 Bh6 18. Bd2 Na6 19. Be2 Qe8 20. Bg4 Nb4 21. Be6+ Kh8
22. Qd1 Rd8 23. Qf3 Ne5 24. Qe2 Ned3 25. Rf3 Qxa4 26. Rxd3 Qc2 27. Rg3 Qxb1+
28. Kh2 g5 29. fxg5 Bxg5 30. Rxg5 fxg5 31. Bc3+ Rf6 32. Nf5 Qd3 33. Qg4 Rg8 34.
Bxg8 Kxg8 35. Qxg5+ Rg6 36. Nxe7+ Kf7 37. Nxg6 hxg6 38. Qf4+ Ke7 39. Qf6+ Kd7
40. Qxg6 Qf1 41. Qf5+ 1-0

[Event "Landesklasse West 2015/2016"]
[Site "?"]
[Date "2015.10.25"]
[Round "2"]
[White "Leibeling, Lucian"]
[Black "Mäurer, Michael"]
[Result "1/2-1/2"]
[WhiteElo "1830"]
[BlackElo "1525"]
[PlyCount "93"]
[EventDate "2015.??.??"]
[WhiteTeam "SV Breitenworbis"]
[BlackTeam "Randspringer Bad Salzungen"]

1. c4 c6 2. d3 d5 3. Nd2 dxc4 4. Nxc4 g6 5. Nf3 Bg7 6. g3 Be6 7. Ne3 Nf6 8. Bg2
O-O 9. O-O Na6 10. Bd2 Ng4 11. Nxg4 Bxg4 12. Bc3 Qc7 13. Bxg7 Kxg7 14. Qc2 Bxf3
15. Bxf3 Kg8 16. Rac1 Rac8 17. Qd2 Nb8 18. Qg5 Kg7 19. Rc4 f6 20. Qe3 b6 21.
Rfc1 Qd6 22. Rd4 Qc7 23. Rh4 g5 24. Re4 e5 25. d4 Rfe8 26. Bh5 Re7 27. f4 gxf4
28. gxf4 Kh8 29. fxe5 fxe5 30. Rxe5 Rxe5 31. Qxe5+ Qxe5 32. dxe5 Rc7 33. e6 Kg7
34. Rf1 Re7 35. Rf7+ Rxf7 36. exf7 Kf8 37. Kf2 Nd7 38. Ke3 Ne5 39. b4 Nxf7 40.
Bf3 Nd8 41. Kf4 Ke7 42. Be4 h6 43. Kf5 c5 44. bxc5 bxc5 45. Kg6 Nf7 46. Bd5
Ne5+ 47. Kxh6 1/2-1/2

[Event "Landesklasse West 2015/2016"]
[Site "?"]
[Date "2015.10.25"]
[Round "2"]
[White "Roehl, Hannes"]
[Black "Biel, Peter"]
[Result "1/2-1/2"]
[WhiteElo "1375"]
[BlackElo "1666"]
[PlyCount "52"]
[EventDate "2015.??.??"]
[WhiteTeam "Randspringer Bad Salzungen"]
[BlackTeam "SV Breitenworbis"]

1. e4 c5 2. Nc3 e6 3. Nf3 d5 4. Bb5+ Bd7 5. exd5 Bxb5 6. Nxb5 a6 7. Nc3 exd5 8.
d4 Nf6 9. O-O Nc6 10. Re1+ Be7 11. dxc5 O-O 12. Be3 Qd7 13. h3 Rfd8 14. Na4 Qc7
15. Nb6 Rab8 16. c3 d4 17. cxd4 Bxc5 18. Na4 Bxd4 19. Bxd4 Nxd4 20. Nxd4 Qc4
21. Qb3 Rxd4 22. Qxc4 Rxc4 23. Nc3 Rd8 24. Rad1 Rcd4 25. Rxd4 Rxd4 26. Re7 Rd7
1/2-1/2

[Event "Landesklasse West 2015/2016"]
[Site "?"]
[Date "2015.10.25"]
[Round "2"]
[White "Rommel, Uwe"]
[Black "Lesser, Thomas"]
[Result "1/2-1/2"]
[WhiteElo "1869"]
[BlackElo "1856"]
[PlyCount "24"]
[EventDate "2015.??.??"]
[WhiteTeam "SG Barchfeld/Breitungen"]
[BlackTeam "SV Schmalkalden 04"]

1. Nf3 d5 2. g3 Bf5 3. Bg2 Nf6 4. O-O e6 5. d3 Bc5 6. Nbd2 h6 7. c4 c6 8. Qc2
Nbd7 9. cxd5 cxd5 10. e4 dxe4 11. dxe4 Bh7 12. Qa4 O-O 1/2-1/2

[Event "Landesklasse West 2015/2016"]
[Site "?"]
[Date "2015.10.25"]
[Round "2"]
[White "Bamberg, Alexander"]
[Black "Reum, Lutz"]
[Result "1-0"]
[WhiteElo "1865"]
[BlackElo "1796"]
[PlyCount "120"]
[EventDate "2015.??.??"]
[WhiteTeam "SV Schmalkalden 04"]
[BlackTeam "SG Barchfeld/Breitungen"]

1. e4 d5 2. exd5 Qxd5 3. Nf3 Nf6 4. Nc3 Qa5 5. d4 c6 6. Bc4 Bf5 7. O-O e6 8. h3
Nbd7 9. Bf4 Be7 10. a3 O-O 11. Qe2 Nd5 12. Nxd5 cxd5 13. Bd3 Bxd3 14. Qxd3 Nf6
15. Ne5 Rac8 16. Rae1 Qb6 17. Bc1 Qc7 18. c3 Bd6 19. Qf3 Ne4 20. Qg4 Bxe5 21.
dxe5 f5 22. exf6 Rxf6 23. f3 Rg6 24. Qf4 Qb6+ 25. Qe3 Nc5 26. Re2 Qb5 27. Rd1
Nb3 28. Bd2 Nxd2 29. Rdxd2 a6 30. Rd4 Rc4 31. Red2 Rxd4 32. Qxd4 Qc6 33. Re2
Rf6 34. Qb4 Kf7 35. Qh4 Kg8 36. Qb4 Qc7 37. Qd4 Kf7 38. Qh4 h6 39. Qd4 Qg3 40.
Qf2 Qc7 41. Qd4 b6 42. Kh1 Qc5 43. Qa4 a5 44. Qd7+ Qe7 45. Qc6 Qd8 46. Rd2 Kg8
47. c4 d4 48. Qe4 e5 49. Qxe5 Rd6 50. Rd3 Qd7 51. Kg1 Kh8 52. c5 bxc5 53. Qxc5
Rd5 54. Qc4 Qd6 55. b4 axb4 56. axb4 Kh7 57. b5 Rc5 58. Rxd4 Qb6 59. Qd3+ Kg8
60. Rd8+ Kf7 1-0

[Event "Landesklasse West 2015/2016"]
[Site "?"]
[Date "2015.10.25"]
[Round "2"]
[White "Crivellaro, Heiko"]
[Black "Krannich, Steffen"]
[Result "0-1"]
[WhiteElo "1798"]
[BlackElo "1814"]
[PlyCount "116"]
[EventDate "2015.??.??"]
[WhiteTeam "SG Barchfeld/Breitungen"]
[BlackTeam "SV Schmalkalden 04"]

1. f4 d5 2. Nf3 Nf6 3. e3 Bg4 4. Be2 e6 5. O-O Bd6 6. d3 c6 7. Kh1 O-O 8. Qe1
Nbd7 9. Nbd2 Qe7 10. h3 Bh5 11. Nd4 Bxe2 12. Qxe2 g6 13. Qf2 Rae8 14. N4f3 e5
15. Nb3 exf4 16. exf4 Nh5 17. Ng1 g5 18. g3 Ndf6 19. Nd4 Bc5 20. c3 Qc7 21. Kg2
g4 22. h4 Re7 23. Bd2 Qb6 24. b4 Bxd4 25. Qxd4 Qxd4 26. cxd4 Ng7 27. Kf2 Rfe8
28. Rfe1 Nf5 29. Rxe7 Rxe7 30. Ne2 Nh5 31. Re1 Kf8 32. a3 Ke8 33. Rg1 Kd8 34.
Rc1 Kc7 35. b5 Kb6 36. bxc6 bxc6 37. Rb1+ Kc7 38. Ba5+ Kc8 39. Bd2 Rb7 40. Rb4
Rxb4 41. Bxb4 Kb7 42. a4 Kb6 43. Bc3 c5 44. a5+ Kb5 45. dxc5 Kxc5 46. Be5 a6
47. Bc7 Kb4 48. Bb6 Kb3 49. Nd4+ Nxd4 50. Bxd4 Kc2 51. Ke3 Nxg3 52. Bf6 Nf5+
53. Ke2 h5 54. Bg5 g3 55. Bd8 g2 56. Kf2 Kxd3 57. Kxg2 Ke2 58. Kh3 d4 0-1

[Event "Landesklasse West 2015/2016"]
[Site "?"]
[Date "2015.10.25"]
[Round "2"]
[White "Burkhardt, Christian"]
[Black "Schmidt, Kevin"]
[Result "1-0"]
[WhiteElo "1671"]
[BlackElo "1620"]
[PlyCount "79"]
[EventDate "2015.??.??"]
[WhiteTeam "SV Schmalkalden 04"]
[BlackTeam "SG Barchfeld/Breitungen"]

1. d4 d5 2. c4 e6 3. Nc3 Bb4 4. a3 Bxc3+ 5. bxc3 Nf6 6. e3 c5 7. cxd5 Nxd5 8.
Bd2 O-O 9. Nf3 cxd4 10. cxd4 Nc6 11. Bd3 b6 12. Qc2 Bb7 13. Bxh7+ Kh8 14. Bd3
Rc8 15. Qb3 Nf6 16. O-O Qd6 17. Bb5 Rfd8 18. Bxc6 Qxc6 19. Rfc1 Qe4 20. Rxc8
Rxc8 21. Rc1 Rxc1+ 22. Bxc1 Qg6 23. Ne1 Ne4 24. f3 Ng5 25. Kf2 Qh5 26. e4 Qxh2
27. Bxg5 Qh5 28. Bf4 Qh4+ 29. Bg3 Qg5 30. Qc3 Qb5 31. Qb4 Qd7 32. Be5 f6 33.
Bf4 Kh7 34. Be3 Ba6 35. a4 Qc7 36. f4 Qc6 37. e5 f5 38. Nf3 Qc2+ 39. Kg3 Qe4
40. Ng5+ 1-0

[Event "Landesklasse West 2015/2016"]
[Site "?"]
[Date "2015.10.25"]
[Round "2"]
[White "Reum, Jonathan"]
[Black "Wissel, Daniel"]
[Result "0-1"]
[WhiteElo "1626"]
[BlackElo "1801"]
[PlyCount "56"]
[EventDate "2015.??.??"]
[WhiteTeam "SG Barchfeld/Breitungen"]
[BlackTeam "SV Schmalkalden 04"]

1. d4 Nf6 2. c4 e6 3. Nc3 d5 4. Nf3 Bb4 5. Bg5 O-O 6. e3 Nbd7 7. Qb3 Bxc3+ 8.
Qxc3 c6 9. Bd3 Qc7 10. Bf4 Qd8 11. Bd6 Re8 12. c5 Ne4 13. Bxe4 dxe4 14. Nd2 f5
15. f3 exf3 16. Nxf3 Nf6 17. Nd2 Nd5 18. Qd3 Qg5 19. e4 Qxg2 20. O-O-O fxe4 21.
Nxe4 Nb4 22. Nf6+ gxf6 23. Qb3 Qg5+ 24. Kb1 Qf5+ 25. Ka1 Nc2+ 26. Kb1 Nxd4+ 27.
Qd3 Qxd3+ 28. Rxd3 Nf5 0-1

[Event "Landesklasse West 2015/2016"]
[Site "?"]
[Date "2015.10.25"]
[Round "2"]
[White "Himmel, Matthias"]
[Black "Heß, Wolfgang"]
[Result "1/2-1/2"]
[WhiteElo "1564"]
[BlackElo "1717"]
[PlyCount "40"]
[EventDate "2015.??.??"]
[WhiteTeam "SV Schmalkalden 04"]
[BlackTeam "SG Barchfeld/Breitungen"]

1. d4 d5 2. c4 e6 3. Nf3 Nf6 4. e3 Be7 5. Nc3 c6 6. Bd2 b6 7. Qc2 Bb7 8. cxd5
exd5 9. Bd3 Nbd7 10. O-O O-O 11. a3 b5 12. Rae1 a5 13. e4 dxe4 14. Nxe4 h6 15.
Nc5 Nxc5 16. dxc5 Re8 17. Rd1 Qc7 18. a4 bxa4 19. Bc4 Nd5 20. Be3 Bf6 1/2-1/2

[Event "Landesklasse West 2015/2016"]
[Site "?"]
[Date "2015.10.25"]
[Round "2"]
[White "Römhild, Uwe"]
[Black "Röder, Detlef"]
[Result "1-0"]
[WhiteElo "1579"]
[BlackElo "1622"]
[PlyCount "129"]
[EventDate "2015.??.??"]
[WhiteTeam "SG Barchfeld/Breitungen"]
[BlackTeam "SV Schmalkalden 04"]

1. d4 f5 2. c4 e6 3. g3 Nf6 4. Bg2 d5 5. Nf3 c6 6. O-O Bd6 7. b3 O-O 8. Ba3
Bxa3 9. Nxa3 Qa5 10. Nc2 Ne4 11. Qd3 Nd7 12. e3 Ndf6 13. h3 Bd7 14. Ne5 Be8 15.
a3 Qd2 16. Rad1 Qxd3 17. Rxd3 Nd7 18. Nxd7 Bxd7 19. Kh2 b6 20. Ne1 Be8 21. Nf3
Bh5 22. Ng1 Rac8 23. f3 Nd6 24. Rc3 Bf7 25. Rfc1 dxc4 26. bxc4 c5 27. Ne2 Rc7
28. Bf1 Rfc8 29. f4 Ne4 30. R3c2 Be8 31. Nc3 Nd6 32. Nb5 Nxb5 33. cxb5 Kf7 34.
Kg2 Ke7 35. dxc5 Rxc5 36. Rxc5 Rxc5 37. Rxc5 bxc5 38. Kf2 Kd6 39. Bc4 Bd7 40.
a4 Bc8 41. a5 Bb7 42. Ke2 Bd5 43. Kd3 h6 44. h4 h5 45. Kc3 Be4 46. Be2 g6 47.
Kb3 Bd5+ 48. Ka4 Be4 49. b6 axb6 50. axb6 Bd5 51. Ka5 c4 52. Ka6 c3 53. Bd1 e5
54. Ka7 Kc5 55. b7 Bxb7 56. Kxb7 exf4 57. gxf4 Kc4 58. Bc2 Kb4 59. Kc6 Ka3 60.
Kd5 Kb2 61. Ba4 Kc1 62. e4 fxe4 63. Kxe4 Kd2 64. Ke5 Ke3 65. Bc2 1-0

[Event "Landesklasse West 2015/2016"]
[Site "?"]
[Date "2015.10.25"]
[Round "2"]
[White "Thon, Philipp"]
[Black "Minor, Viatcheslav"]
[Result "0-1"]
[WhiteElo "1890"]
[BlackElo "1970"]
[PlyCount "86"]
[EventDate "2015.??.??"]
[WhiteTeam "SV Ammern"]
[BlackTeam "SV Wartburgstadt Eisenach"]

1. Nf3 d6 2. d4 h6 3. c4 g5 4. Nc3 Bg7 5. h3 Nd7 6. e3 e5 7. d5 Ne7 8. Be2 Ng6
9. Qc2 a5 10. Bd2 Nc5 11. Rb1 Qe7 12. Nh2 O-O 13. O-O e4 14. Nb5 f5 15. Bc3 Ne5
16. Bxe5 Bxe5 17. Rbe1 Qg7 18. Rd1 Rf7 19. Nd4 Bd7 20. Rd2 Raf8 21. b3 g4 22.
hxg4 fxg4 23. g3 h5 24. Qd1 Rf6 25. a3 Qf7 26. Qe1 Qh7 27. b4 axb4 28. axb4 Na6
29. Rc2 Bxd4 30. exd4 e3 31. Bd1 Ba4 32. Ra2 Bxd1 33. Qxd1 Nxb4 34. Re2 exf2+
35. Rexf2 Rxf2 36. Rxf2 Rxf2 37. Kxf2 Qe4 38. Qd2 Nd3+ 39. Kg1 Qxd4+ 40. Kf1
Qf6+ 41. Kg2 Qb2 42. Nf1 Kf7 43. Kg1 Qxd2 0-1

[Event "Landesklasse West 2015/2016"]
[Site "?"]
[Date "2015.10.25"]
[Round "2"]
[White "Neef, Michael"]
[Black "Schorch, Rüdiger"]
[Result "1/2-1/2"]
[WhiteElo "1866"]
[BlackElo "1969"]
[PlyCount "42"]
[EventDate "2015.??.??"]
[WhiteTeam "SV Wartburgstadt Eisenach"]
[BlackTeam "SV Ammern"]

1. d4 Nf6 2. c4 e6 3. Nc3 Bb4 4. Qc2 d5 5. e3 O-O 6. Bd2 c5 7. dxc5 Bxc5 8. Nf3
Nc6 9. a3 e5 10. cxd5 Nxd5 11. Nxd5 Qxd5 12. Bc4 Qd6 13. Ng5 Qg6 14. Qxg6 hxg6
15. O-O Be7 16. Ne4 Rd8 17. Bc3 Bf5 18. Ng3 Bd3 19. Bxd3 Rxd3 20. Rfd1 Rad8 21.
Rxd3 Rxd3 1/2-1/2

[Event "Landesklasse West 2015/2016"]
[Site "?"]
[Date "2015.10.25"]
[Round "2"]
[White "Wegerich, Michael"]
[Black "Königsdörfer, Gerhard"]
[Result "0-1"]
[WhiteElo "1938"]
[BlackElo "1897"]
[PlyCount "142"]
[EventDate "2015.??.??"]
[WhiteTeam "SV Ammern"]
[BlackTeam "SV Wartburgstadt Eisenach"]

1. e4 e5 2. Nf3 Nc6 3. Bc4 Nf6 4. d3 Bc5 5. O-O d6 6. c3 Bg4 7. Nbd2 a6 8. a4
O-O 9. h3 Be6 10. b4 Bxc4 11. Nxc4 Ba7 12. Bg5 h6 13. Bxf6 Qxf6 14. Qe2 Ne7 15.
Ne3 Ng6 16. Nd5 Qd8 17. d4 c6 18. Ne3 Nf4 19. Qd2 Qf6 20. Kh2 Rad8 21. Nf5 Rfe8
22. Rfe1 Kh7 23. Rad1 g6 24. Ne3 h5 25. h4 Kg7 26. Nc4 exd4 27. cxd4 Qe6 28.
Qxf4 Qxc4 29. e5 dxe5 30. Rxe5 Bb8 31. Rde1 Bxe5 32. Rxe5 f6 33. Re3 Qf7 34.
Rc3 Re7 35. Rc5 Rd5 36. Rc3 Qe6 37. g3 Qd6 38. Qxd6 Rxd6 39. Kg2 Rd5 40. Kf1
Kf7 41. Rb3 b6 42. Rc3 Re6 43. Rc2 Ke7 44. Rd2 Kd6 45. Ne1 c5 46. dxc5+ bxc5
47. bxc5+ Kxc5 48. Rc2+ Kb4 49. Rc1 Kxa4 50. Nc2 Rc6 51. Ra1+ Kb3 52. Ne3 Rd2
53. Ke1 Ra2 54. Rb1+ Rb2 55. Ra1 Kb4 56. Nd5+ Kb5 57. Nf4 f5 58. Nd3 Re6+ 59.
Kf1 Rb3 60. Nc1 Rc3 61. Ne2 Rc4 62. Rb1+ Kc5 63. Ra1 Rd6 64. Nf4 Kb5 65. Ng2
Rdc6 66. Rb1+ Rb4 67. Ra1 a5 68. Ne3 a4 69. Ra2 Rb1+ 70. Ke2 Kb4 71. Rd2 a3 0-1

[Event "Landesklasse West 2015/2016"]
[Site "?"]
[Date "2015.10.25"]
[Round "2"]
[White "Graupner, Markus"]
[Black "Kampfhenkel, Ulrich"]
[Result "1/2-1/2"]
[WhiteElo "1700"]
[BlackElo "1862"]
[PlyCount "101"]
[EventDate "2015.??.??"]
[WhiteTeam "SV Wartburgstadt Eisenach"]
[BlackTeam "SV Ammern"]

1. Nf3 Nf6 2. c4 e6 3. b3 d5 4. Bb2 Be7 5. e3 O-O 6. d4 b6 7. Bd3 Bb7 8. O-O
Nbd7 9. Nbd2 c5 10. Ne5 dxc4 11. Bxc4 a6 12. Ndf3 b5 13. Bd3 Ne4 14. Nxd7 Qxd7
15. Ne5 Qc7 16. Qg4 f5 17. Qe2 Bd6 18. f4 Qe7 19. Rf3 Bxe5 20. fxe5 g5 21. Bxe4
Bxe4 22. Rg3 g4 23. h3 Qh4 24. Qf2 Kh8 25. Qf4 c4 26. hxg4 fxg4 27. Qxg4 Qxg4
28. Rxg4 Bf5 29. Rf4 Bd3 30. Kf2 Rac8 31. Rc1 Kg8 32. g3 a5 33. bxc4 Rxc4 34.
Rxf8+ Kxf8 35. Rxc4 Bxc4 36. a3 Bd5 37. Bc3 a4 38. g4 Kf7 39. Kg3 Kg6 40. Kf4
Bb3 41. e4 Bc4 42. Bb4 Bb3 43. Bc5 Bc4 44. d5 exd5 45. exd5 Bxd5 46. g5 Bb3 47.
Bb4 Bd5 48. Bc5 Kf7 49. Bb4 Ke6 50. Bc5 Bb3 51. Bb4 1/2-1/2